Керамические пропанты на основе природного алюмосиликатного сырья: автореферат диссертации на соискание ученой степени кандидата технических наук; спец. 05.17.11

מידע ביבליוגרפי
מחבר ראשי: Решетова А. А. Антонина Александровна
מחבר תאגידי: Томский политехнический университет (ТПУ) Кафедра технологии силикатов и наноматериалов
מחברים אחרים: Вакалова Т. В. Татьяна Викторовна (научный руководитель)
סיכום:Защита сост. 22.12.2009 г.
שפה:רוסית
יצא לאור: Томск, 2009
נושאים:
פורמט: ספר
KOHA link:https://koha.lib.tpu.ru/cgi-bin/koha/opac-detail.pl?biblionumber=174248

MARC

LEADER 00000nam0a2200000 4500
001 174248
005 20231219134555.0
035 |a (RuTPU)RU\TPU\book\188962 
090 |a 174248 
100 |a 20100126d2009 k y0rusy50 ca 
101 0 |a rus 
102 |a RU 
105 |a a dm 001zy 
200 1 |a Керамические пропанты на основе природного алюмосиликатного сырья  |e автореферат диссертации на соискание ученой степени кандидата технических наук  |e спец. 05.17.11  |f А. А. Решетова  |g Томский политехнический университет (ТПУ), Кафедра технологии силикатов и наноматериалов ; науч. рук. Т. В. Вакалова 
210 |a Томск  |d 2009 
215 |a 21 с.  |c ил. 
300 |a Защита сост. 22.12.2009 г. 
320 |a Библиогр.: с. 19-20 (15 назв.). 
452 1 |0 (RuTPU)RU\TPU\book\188196  |t Керамические пропанты на основе природного алюмосиликатного сырья  |o автореферат диссертации на соискание ученой степени кандидата технических наук  |o спец. 05.17.11  |f А. А. Решетова  |g Томский политехнический университет (ТПУ), Кафедра технологии селикатов и наноматериалов ; науч. рук. Т. В. Вакалова  |c Томск  |d 2009  |a Решетова, Антонина Александровна 
606 1 |a Керамические изделия  |x Эксплуатационные качества  |2 stltpush  |3 (RuTPU)RU\TPU\subj\34774  |9 56645 
610 1 |a природное сырье 
610 1 |a огнеупорное сырье 
610 1 |a алюминиевая керамика 
610 1 |a качество 
610 1 |a физико-химические процессы 
610 1 |a технологические процессы 
610 1 |a сырьевые материалы 
610 1 |a каолины 
610 1 |a бокситы 
610 1 |a порфириты 
610 1 |a глинистое сырье 
610 1 |a термическая обработка 
610 1 |a Урало-Сибирский регион 
610 1 |a керамические алюмосиликатные пропанты 
610 1 |a состав 
610 1 |a технология 
610 1 |a авторефераты диссертаций 
610 1 |a труды учёных ТПУ 
675 |a 666.3(04)  |v 3 
686 |a 05.17.11  |2 oksvnk 
700 1 |a Решетова  |b А. А.  |g Антонина Александровна 
702 1 |a Вакалова  |b Т. В.  |c химик-технолог  |c профессор Томского политехнического университета, доктор технических наук  |f 1956-  |g Татьяна Викторовна  |3 (RuTPU)RU\TPU\pers\26197  |4 727  |9 12005 
712 0 2 |a Томский политехнический университет (ТПУ)  |b Кафедра технологии силикатов и наноматериалов  |c (1991- )  |3 (RuTPU)RU\TPU\col\376 
801 1 |a RU  |b 63413507  |c 20100126 
801 2 |a RU  |b 63413507  |c 20111118  |g RCR 
942 |c BK